Finish the lyrics (: 2! Quiz Stats

 Plays Quiz not verified by Sporcle

Score 0/10 Timer 05:00
0 Plays Today
Beginning... End! % Correct
Just a spoonful of sugar helps...the medicine go down.
96.6%
My, oh my...what a wonderful day.
39.7%
Anything your heart...desires will come to you.
37.9%
I look once more...just around the riverbend.
36.2%
One jump ahead of...the breadline.
29.3%
And a voice keeps saying...this is where I'm meant to be.
29.3%
Trust your heart...let fate decide.
25.9%
I am a little...black rain cloud.
19%
I don't know if you would listen...to a gypsie's prayer.
10.3%
They say we are...birds of a feather.
6.9%

You're not logged in!

Compare scores with friends on all Sporcle quizzes.
OR
Log In

Show Comments

Extras

Created Nov 6, 2010ReportNominate
Tags:Disney Quiz

Top Quizzes Today


Score Distribution

Your Account Isn't Verified!

In order to create a playlist on Sporcle, you need to verify the email address you used during registration. Go to your Sporcle Settings to finish the process.

Report this User

Report this user for behavior that violates our Community Guidelines.

Details: